| 000 | 00964aam a2200289 i 4500 | ||
|---|---|---|---|
| 999 |
_c46109 _d46109 |
||
| 001 | 19747 | ||
| 003 | CO-MdFUSB | ||
| 005 | 20180726102536.0 | ||
| 008 | 180713t1989 ctu||||g |||| 00| 0 eng d | ||
| 020 | _a0-300-04419-4 | ||
| 040 |
_aCO-MdFUSB _bspa _cCO-MdFUSB _dCO-MdFUSB _erda |
||
| 041 | _aeng | ||
| 082 |
_224 _aR 225 _bT987t |
||
| 245 | 0 | 0 |
_aTyndale's New Testament _c/ Traducido por William Tyndale |
| 264 | 1 |
_aNew Haven, Connecticut : _bYale University Press, _c℗1989 |
|
| 264 | 4 | _c©1989 | |
| 300 |
_axxxvi, 429 páginas _c; 27 cm |
||
| 336 |
_2rdacontent _atexto _btxt |
||
| 337 |
_2rdamedia _asin mediación _bn |
||
| 338 |
_2rdacarrier _avolumen _bnc |
||
| 505 | 0 | _aIntroducción a la obra de William Tyndale -- Traducción de los libros del Nuevo Testamento -- Comentario sobre los libros | |
| 563 | _aPasta dura | ||
| 630 | 0 | 7 |
_aBiblia. _pNuevo Testamento |
| 720 | 1 |
_aTyndale, William _etraductor |
|
| 942 | _cREF | ||